Independence National Historic Park, Philadelphia, Pa. /

Bibliographic Details
Main Author: Riley, Edward M. (Author)
Corporate Author: United States. National Park Service
Format: Government Document Book
Language:English
Published: Washington, D.C. : United States Department of the Interior, National Park Service, [1956]
Edition:Revised 1956.
Series:Historical handbook series (Washington, D.C.) ; no. 17.
Subjects:
Online Access:Internet Archive
https://archive.org/details/independencenati00rile_0

MARC

Tag First Indicator Second Indicator Subfields
LEADER 00000cam a2200000 i 4500
001 in00004808613
008 780522s1956 dcuabc b f000 0 eng d
005 20240807184931.2
010 |a  56063792  
035 |a (OCoLC)ocm03917316  
040 |a MST  |b eng  |e rda  |c MST  |d UDI  |d IUL  |d GPO  |d UPM  |d UMS  |d TAI  |d IMF  |d OCLCO  |d OCLCQ  |d OCLCF  |d OKN  |d COF  |d WIH  |d GILDS  |d VA@  |d OCLCQ  |d IMF  |d OCLCO  |d OCLCQ 
019 |a 476637497  |a 949576204 
035 |a (OCoLC)03917316  |z (OCoLC)476637497  |z (OCoLC)949576204 
043 |a n-us-pa 
050 0 0 |a F158.65.I3  |b R5 1956 
074 |a 0649 
082 0 4 |a 974.811 
086 0 |a I 29.58:17/2 
086 0 |a I 29.58:17 
086 0 |a I 29.21:In 21/956 
049 |a MAIN 
100 1 |a Riley, Edward M.  |0 http://id.loc.gov/authorities/names/n82021616,  |e author 
245 1 0 |a Independence National Historic Park, Philadelphia, Pa. /  |c by Edward M. Riley. 
246 1 4 |a Independence 
250 |a Revised 1956. 
264 1 |a Washington, D.C. :  |b United States Department of the Interior, National Park Service,  |c [1956] 
300 |a 68 pages :  |b illustrations, map, portraits ;  |c 24 cm 
336 |a text  |b txt  |2 rdacontent 
337 |a unmediated  |b n  |2 rdamedia 
338 |a volume  |b nc  |2 rdacarrier 
490 1 |a National Park Service historical handbook series ;  |v no. 17 
504 |a Includes bibliographical references (page 68). 
505 0 |a The provincial state house -- Two centuries of Independence Hall -- The state house and independence -- "To form a more perfect union" -- After 1800 -- Independence Square -- Evolution of a shrine -- Story of a symbol -- Guide to the area -- How to reach the park -- About your visit -- Administration -- Related areas -- Suggested readings. 
590 |b TAG Physical Holdings 2 
651 0 |a Independence National Historical Park (Philadelphia, Pa.)  |0 http://id.loc.gov/authorities/subjects/sh2009007255 
651 6 |a Independence National Historical Park (Philadelphie, Penns.) 
651 7 |a Pennsylvania  |z Philadelphia  |z Independence National Historical Park.  |2 fast  |0 (OCoLC)fst01316096 
710 1 |a United States.  |b National Park Service.  |0 http://id.loc.gov/authorities/names/n79022809 
776 0 |a Riley, Edward M.  |t Independence National Historical Park, Philadelphia, Pa.  |h 1 electronic text  |w (OCoLC)71341295 
830 0 |a Historical handbook series (Washington, D.C.) ;  |v no. 17.  |0 http://id.loc.gov/authorities/names/no97016162 
856 4 1 |3 Internet Archive  |u https://archive.org/details/independencenati000017  |t 0 
856 4 1 |u https://archive.org/details/independencenati00rile_0  |t 0 
994 |a 92  |b TAG 
852 |a TAG  |b TAGC  |c galv,sc  |h F158.65.I3 R55 1956  |t c.1 
876 |c 10.00  |p 33620001159629  |x Acc# 2007-1515; Gift. Margaret Henson estate.  |u noncirc  |v unmediated -- volume 
999 f f |s ac57be7f-f5f3-430c-8358-64c1007365a6  |i e9202753-4fae-4b64-b5a4-64c36ebd4112  |t 0 
952 f f |p noncirc  |a Texas A&M University  |b Galveston Campus  |c Jack K. Williams Library  |d Galveston Special Collections  |t 0  |e F158.65.I3 R55 1956  |h Library of Congress classification  |i unmediated -- volume  |m 33620001159629 
998 f f |a F158.65.I3 R55 1956  |t 0  |l Galveston Special Collections